Paroles - Columbine - Temps électrique - Statistiques

Statistiques générales
  • Ce quiz a été pris 103 fois
  • Le résultat moyen est 373 sur 519
Statistiques - réponses
Réponse % Correct
à
97%
a
97%
du
97%
et
97%
Et
97%
Le
97%
le
97%
pas
97%
passé,
97%
passé
97%
te
97%
tu
97%
Été
95%
été
95%
triste,
95%
triste
95%
amer
93%
goût
93%
se
92%
la
87%
que
87%
t'es
87%
tes
87%
T'es
87%
en
85%
j'ai
85%
je
85%
mes
85%
Ta
85%
ta
85%
temps
85%
ton
85%
C'est
83%
c'est
83%
dans
83%
Dans
83%
de
83%
D'en
83%
pour
83%
rappelles
83%
Un
83%
un
83%
fanée,
82%
fleur,
82%
Ils
82%
les
82%
Les
82%
Mais
82%
mais
82%
On
82%
on
82%
doigts
80%
fait
80%
fait,
80%
Jolie
80%
m'le
80%
Des
78%
des
78%
est
78%
fallait
78%
sentent
78%
au
77%
"au
77%
brûlé
77%
ça
77%
dur,
77%
dur
77%
faut
77%
ne
77%
par
77%
plus
77%
son
77%
Y'a
77%
ya,
77%
ya
77%
fenêtre
75%
fermé
75%
l'air
75%
mon
75%
porte,
75%
Si
75%
sur
75%
Sur
75%
une
75%
Une
75%
bouche
73%
c'qu'il
73%
Maintenant
73%
pourquoi
73%
Pourquoi
73%
qu'tu
73%
t'ont
73%
Avant
72%
avant?
72%
avant
72%
avant,
72%
C'était
72%
dents
72%
d'l'électricité
72%
fêtes
72%
invité,
72%
j'veux
72%
J'veux
72%
ment,
72%
passes
72%
s'y
72%
tout
72%
venir
72%
vos
72%
comme
70%
J'me
70%
loyal
70%
pauvre
70%
sans
70%
tant
70%
fais
68%
or,
68%
qu'on
68%
regrettera
68%
yeux
68%
cool
67%
ou
67%
qu'j'suis
67%
rouilles?
67%
seras
67%
serre
67%
bien
65%
cœur
65%
cœur,
65%
l'école,
65%
losange
65%
monde
65%
paume
65%
rose
65%
tête
65%
très
65%
vie
65%
chambre
63%
Effrite
63%
être
63%
pomme
63%
vais
63%
visé
63%
congélateur
62%
l'était
62%
l'herbe
62%
noir
62%
perdre
62%
quand
62%
sais
62%
tous
62%
2016
60%
année
60%
après
60%
birthday
60%
déjà
60%
J'en
60%
j'm'en
60%
même
60%
meurtriers
60%
royal,
60%
sons
60%
aura
58%
banc
58%
dire
58%
fond
58%
mille
58%
nan
58%
nan,
58%
Non,
58%
problèmes
58%
revoir"
58%
rond,
58%
tendresse
58%
toi
58%
vengeance
58%
"adieu"
57%
ans
57%
belle
57%
J'fête
57%
j'pète
57%
J'préfère
57%
J'tourne
57%
mois
57%
nuits
57%
plomb
57%
sens
57%
studio
57%
apprendre
55%
arriveras
55%
autre
55%
avec
55%
cacher
55%
durant
55%
liste
55%
noire
55%
nos
55%
n'y
55%
qu'c'est
55%
qu'des
55%
terrible,
55%
tien
55%
torturer
55%
vivre
55%
arc-en-ciel
53%
blessant
53%
bras
53%
Bref,
53%
cause
53%
Chaman
53%
frais
53%
isolé
53%
l'accoudoir,
53%
L'enfant
53%
l'esprit
53%
lune
53%
poses
53%
prisonniers
53%
quartiers
53%
Roule
53%
appartement
52%
cachée
52%
communauté
52%
couche
52%
crois-moi,
52%
Crois-moi,
52%
face
52%
j'enlève
52%
J'lèche
52%
mouvants
52%
neufs?
52%
Ouais,
52%
ouais,
52%
qu'je
52%
retourner
52%
sables
52%
veste
52%
avoir
50%
d'un
50%
hippie,
50%
J'vais
50%
lentement
50%
mets-moi
50%
qu'j'avais
50%
rien
50%
seule
50%
trou
50%
autour
48%
café
48%
dessus
48%
Entassés
48%
habiter
48%
m'empêches
48%
s'marcher
48%
T'attends
48%
t'obstines
48%
toute
48%
voudrait
48%
crever
47%
conclus
45%
bas-fonds
43%
classe
43%
étudieront
43%
Laisse-nous
43%
poèmes
42%
room
42%
enfume
40%
feux
40%
Viens-tu
40%
l'Jumanji
23%
Aucun quiz correspondant
Distribution des résultats
% des personnes avec chaque résultat
Percentile par nombre de réponses
Votre historique - résultats
Vous n’avez pas pris ce quiz